| 000 | 01562nam0a22003491 4500 | ||
|---|---|---|---|
| 001 | rc\2676043 | ||
| 005 | 20250623153232.0 | ||
| 035 | _a(NLR Aleph) 006804490 | ||
| 090 |
_a6278230 _c6278230 |
||
| 100 | _a20110915d1932 |||y0rusy50 ca | ||
| 101 | 0 | _arus | |
| 102 | _aRU | ||
| 105 | _aa z ||||| | ||
| 135 | _acrmn mmmanaba | ||
| 200 | 1 |
_aПетроградский район на стройке _eСборник _fПод ред. Г. Пальцева |
|
| 210 |
_aЛенинград _cПетрогр. райком ВКП(б) _d1932 _gтип. "Печатный двор" |
||
| 215 |
_aОбл., 78, [2] с. _cил. _d30х22 см. |
||
| 225 | 1 | _aК 15-летию Октябрьской революции | |
| 325 | 1 | _aКопия доступна в электронной библиотеке РНБ | |
| 702 | 1 |
_aПальцев _bГ. _4340 |
|
| 801 | 0 |
_aRU _bNLR _gpsbo |
|
| 801 | 1 |
_aRU _bELAR _2rusmarc |
|
| 852 |
_aNLR _j32-13/668 |
||
| 942 | _cBOOK | ||
| 980 | _aNB | ||
| 981 | 2 | 2 |
_a(22) Материалы по истории России _b(22) История промышленности и торговли |
| 981 | 2 | 2 |
_a(22) Материалы по истории России _b(22) История России с 25 октября (7 ноября) 1917 года |
| 981 | 4 | 3 |
_a(43) Тематическая подборка Санкт-Петербург _b(43) Промышленность |
| 981 | 3 | 4 | _a(34) Санкт-Петербург |